Filha da Fortuna / (Record no. 16)

MARC details
000 -LÍDER
campo de controle de tamanho fixo 02495nam a2200349 4500
001 - NÚMERO DE CONTROLE
campo de controle 16
003 - IDENTIFICADOR DO NÚMERO DE CONTROLE
campo de controle OSt
005 - DATA E HORÁRIO DA ÚLTIMA TRANSAÇÃO
campo de controle 20250528074009.0
008 - CAMPO DE DADOS FIXOS--INFORMAÇÃO GERAL
campo de controle de tamanho fixo 250120b |||||||e |||| 00| 1 eng d
020 ## - ISBN - INTERNATIONAL STANDARD BOOK NUMBER
ISBN - International Standard Book Number 8528607437
040 ## - FONTE DA CATALOGAÇÃO
Idioma da catalogação por
041 ## - CÓDIGO DE IDIOMA
Código do idioma do original e/ou traduções intermediárias do texto spa
Código do idioma do texto/trilha sonora ou título diferente por
082 ## - CDD - CLASSIFICAÇÃO DECIMAL DE DEWEY
Número de Classificação ch860
Número do exemplar A432f
100 ## - ENTRADA PRINCIPAL--NOME PESSOAL
Nome pessoal Allende, Isabel
Datas associadas ao nome 1942-
9 (RLIN) 29
240 ## - TÍTULO UNIFORME
Título uniforme Hija de la fortuna
245 ## - TÍTULO
Título Filha da Fortuna /
Indicação de responsabilidade, etc. Allende, Isabel ; Tradução de Mario Pontes
250 ## - EDIÇÃO
Declaração de edição 4° edição
260 ## - PUBLICAÇÃO, DISTRIBUIÇÃO, ETC.
Local de publicação, distribuição, etc. Rio de Janeiro
Nome do editor, distribuidor, etc. Bertrand Brasil
Data da publicação, distribuição, etc. 2001
300 ## - DESCRIÇÃO FÍSICA
Extensão 470 p.
500 ## - NOTA GERAL
Nota geral Continuação de : A casa dos Espiritos
520 ## - NOTA DE RESUMO, ETC.
Resumo, etc. O LIVRO Eliza Sommers é uma jovem chilena que vive em Valparaíso em 1849, ano em que se descobre ouro na Califórnia. O seu amante, Joaquín Andieta, a abandona, e parte para o Norte decidido a fazer fortuna e ela decide procurá-lo. A viagem infernal, escondida no porão de um veleiro, e a convivência numa terra onde só há homens e prostitutas atraídos pela febre do ouro, transformam a jovem inocente numa mulher fora do comum. Entretanto, toda essa transformação é feita com a ajuda e o afeto de Tao Chi"en, um médico chinês que a protege ao longo de uma viagem inesquecível pelos mistérios e contradições da condição humana. Filha da Fortuna é o retrato palpitante de uma época marcada pela violência e pela cobiça, onde cada protagonista redescobre o amor, a amizade, a compaixão e a coragem. Neste livro, considerado o seu mais ambicioso romance, Isabel Allende descreve um universo fascinante, povoado de estranhas personagens que, como tantas outras da autora, ficarão para sempre na memória e no coração de seus leitores. “ A Filha da Fortuna revela-se como uma história sedutora...” (Publishers Weekly). A AUTORA Isabel Allende, embora de nacionalidade chilena, nasceu em Lima, capítal peruana, em 1942. Aos dezessete anos inicia uma intensa carreira como jornalista e escritora. Em 1982, Isabel Allende publica A Casa dos Espíritos que imediatamente a consagraria como uma das mais brilhantes escritoras da língua espanhola, e a colocaria no rol dos escritores latino-americanos mais traduzidos.
650 #0 - ASSUNTO--TERMO TÓPICO
Cabeçalho tópico ou nome geográfico Literatura Chilena
9 (RLIN) 88
650 #0 - ASSUNTO--TERMO TÓPICO
Cabeçalho tópico ou nome geográfico Drama
9 (RLIN) 18
650 #0 - ASSUNTO--TERMO TÓPICO
Cabeçalho tópico ou nome geográfico Amor e Paixão
9 (RLIN) 25
650 #0 - ASSUNTO--TERMO TÓPICO
Cabeçalho tópico ou nome geográfico Época
9 (RLIN) 31
650 #0 - ASSUNTO--TERMO TÓPICO
Cabeçalho tópico ou nome geográfico Emponderamento
9 (RLIN) 32
655 #0 - TERMO DE ÍNDICE--GÊNERO E FORMA
Gênero/forma/ou termo foco Romance
655 #0 - TERMO DE ÍNDICE--GÊNERO E FORMA
Gênero/forma/ou termo foco Ficção
700 ## - ENTRADA ADICIONADA - NOME PESSOAL
Nome pessoal Mario Pontes
Função do autor por extenso Tradutor
9 (RLIN) 37
830 ## - ENTRADA SECUNDÁRIA DE SÉRIE--TÍTULO UNIFORME
Título uniforme Trilogia: A casa dos Espiritos
9 (RLIN) 39
Número do volume ou designação sequencial da série parte 02
942 ## - ELEMENTOS DE ENTRADA ADICIONADOS (KOHA)
Fonte de classificação ou esquema de arquivamento Classificação decimal de Dewey
Ocultar no OPAC Não
Tipo de material Koha Livros
Holdings
Situação do descarte Situação das perdas Fonte de classificação ou esquema de arquivamento Materiais especificados (volume encadernado ou outra parte) Status danificado Não pode ser emprestado Coleção Biblioteca de origem Biblioteca atual Localização na estante Data de aquisição Fonte de aquisição Total de empréstimos Número de chamada completo Código de barras Data de último acesso Data do preço efetivo Tipo de material Koha
    Classificação decimal de Dewey vol. 02     Ficção Biblioteca Professor Eduardo Afonso de Castro Biblioteca Professor Eduardo Afonso de Castro Literatura Estrangeira 19.05.2003 doação   ch860 / A432f 2025-12117 20.01.2025 20.01.2025 Livros

Powered by Koha